[Event "10th Essent Open"]
[Site "Hoogeveen NED"]
[Date "2006.10.28"]
[Round "9"]
[White "Ibrahimov,R"]
[Black "Van de Oudeweetering,A"]
[Result "1-0"]
[WhiteElo "2541"]
[BlackElo "2364"]

1.Nf3 d5 2.c4 c6 3.Qc2 Nf6 4.d4 g6 5.Bf4 Bg7 6.e3 O-O 7.Nc3 c5 8.dxc5 Qa5
9.Rd1 dxc4 10.Bxc4 Nc6 11.O-O Qxc5 12.Na4 Qf5 13.Bd3 Qh5 14.Be2 Qf5 15.Qb3 Qa5
16.Nc3 Qb4 17.Qxb4 Nxb4 18.a3 Nc6 19.Ne5 Be6 20.Nxc6 bxc6 21.Be5 Bb3 22.Rc1 Rfd8
23.Bd1 Bc4 24.Re1 Rac8 25.Be2 Bxe2 26.Rxe2 Ng4 27.Bxg7 Kxg7 28.Rec2 Ne5 29.Kf1 Rb8
30.Na4 Rd5 31.Ke2 Ra5 32.Nc5 Rab5 33.f4 Ng4 34.h3 Nf6 35.b4 R8b6 36.Nb3 Ra6
37.Na5 Ne4 38.Rxc6 Rxc6 39.Nxc6 Rd5 40.Rc4 f5 41.Rd4 Rb5 42.Rd7 Rb6 43.Nxe7 Kf8
44.Nc8 Rc6 45.Nxa7 Rc2+ 46.Kd1 Rxg2 47.Kc1 h6 48.b5 Ke8 49.Rc7 g5 50.b6 Nd6
51.Nc8 Rg1+ 52.Kc2 Rg2+ 53.Kb3  1-0

[Event "14th Chigorin Mem B"]
[Site "St-Petersburg RUS"]
[Date "2006.10.28"]
[Round "7"]
[White "Orlov,O2"]
[Black "Horlova,M"]
[Result "1-0"]
[WhiteElo "2227"]
[BlackElo "2103"]

1.Nf3 d5 2.c4 d4 3.b4 e6 4.Bb2 c5 5.d3 Nf6 6.Nbd2 Nc6 7.b5 Ne7 8.g3 Ng6 9.Bg2 Bd6
10.O-O Qc7 11.e3 e5 12.exd4 exd4 13.Re1+ Ne7 14.Ng5 O-O 15.Nde4 Nxe4 16.Nxe4 Rb8
17.Bc1 Ng6 18.h4 Bd7 19.h5 Ne5 20.h6 f6 21.hxg7 Kxg7 22.Bf4 Bg4 23.f3 Bh5
24.g4 Bg6 25.Nxd6 Qxd6 26.Bh2 Bf7 27.f4 Nd7 28.Qf3 b6 29.Qc6 Qxc6 30.bxc6 Rbd8
31.Re7 Rfe8 32.Rxd7 Rxd7 33.cxd7 Rd8 34.Bc6 Be6 35.Re1 Kf7 36.f5 Bxd7 37.Bd5+ Kf8
38.Bf4  1-0

[Event "14th Chigorin Mem"]
[Site "St-Petersburg RUS"]
[Date "2006.10.28"]
[Round "7"]
[White "Tihonov,J"]
[Black "Deviatkin,A"]
[Result "0-1"]
[WhiteElo "2494"]
[BlackElo "2537"]

1.Nf3 d5 2.c4 c6 3.e3 Nf6 4.Nc3 Qb6 5.Qa4 e6 6.d4 Nbd7 7.Be2 Be7 8.O-O O-O
9.Rd1 Qc7 10.Qc2 dxc4 11.Bxc4 e5 12.h3 exd4 13.exd4 Nb6 14.Bb3 Qd6 15.Re1 Nbd5
16.Bxd5 Nxd5 17.Nxd5 cxd5 18.Bg5 f6 19.Bd2 Bd7 20.Qb3 Rfe8 21.Bf4 Qc6 22.Rac1 Qb5
23.Qxb5 Bxb5 24.Rc7 Bd8 25.Rxe8+ Bxe8 26.Rxb7 Bb6 27.Bd6 Bc6 28.Re7 Bd8 29.Re3 a5
30.Rc3 Ra6 31.Ne1 Kf7 32.Bc5 g5 33.Nc2 Bd7 34.Ne3 Be6 35.Rb3 f5 36.Rb8 Bf6
37.Rb7+ Kg6 38.Nd1 g4 39.hxg4 fxg4 40.Nc3 h5 41.Nb5 h4 42.a4 Kf5 43.Rb8 Rc6
44.Rf8 Kg6 45.Ra8 Bf5 46.Re8 Bd7 47.Rg8+ Kf7 48.Ra8 Kg6 49.Nc3 Re6 50.Nxd5 Bg5
51.Rg8+ Kh6 52.Bf8+ Kh5 53.f4 gxf3 54.gxf3 Bc6 55.f4 Bd8 56.f5 Re4 57.Nc3 Rxd4
58.Bc5 Rg4+ 59.Rxg4 Kxg4 60.Nb5 h3 61.Bd6 Bf6 62.Kh2 Bxb2 63.Bc7 Bg2 64.Bg3 Kxf5
65.Nd6+ Kg4 66.Nc4 Bd4 67.Be5 Bf2 68.Bc7 Bd4 69.Nxa5 Bd5 70.Bd6 Bb6 71.Nb7 Bxb7  0-1

[Event "TCh-AUT 2006-7"]
[Site "Graz AUT"]
[Date "2006.11.03"]
[Round "1"]
[White "Novkovic,Mi"]
[Black "Balinov,I"]
[Result "1-0"]
[WhiteElo "2417"]
[BlackElo "2510"]

1.Nf3 d5 2.c4 c6 3.e3 Nf6 4.Nc3 a6 5.d4 e6 6.Qc2 c5 7.cxd5 exd5 8.dxc5 Bxc5
9.Be2 Nc6 10.O-O Ba7 11.Nd4 Ne5 12.h3 O-O 13.Bd2 Qd6 14.Rad1 Bd7 15.Bc1 Rad8
16.Kh1 Rfe8 17.Rfe1 Bc8 18.f4 Bxd4 19.Rxd4 Nc6 20.Rdd1 Qc5 21.Bf3 b5 22.Qb1 d4
23.exd4 Rxe1+ 24.Rxe1 Nxd4 25.Be3 Qc7 26.Bxd4 Rxd4 27.Nd5 Qd8 28.Ne7+ Kf8
29.Nc6 Qd6 30.Nxd4 Qxd4 31.Qd1 Qb6 32.Qd2 Be6 33.b4 h6 34.Qe3 Qxe3 35.Rxe3 Bxa2
36.Ra3 Bd5 37.Bxd5 Nxd5 38.Rxa6 Nxb4 39.Ra7 Nd5 40.g3 g5 41.fxg5 hxg5 42.Rb7 Nc3
43.Kg2 Kg7 44.Kf3 Kg6 45.Rc7 Nd5 46.Rc5 Nf6 47.Rxb5 g4+ 48.hxg4 Nh7 49.Kf4 Nf8
50.Rg5+ Kf6 51.Rf5+ Kg6 52.g5 Ne6+ 53.Kg4 Kg7 54.Rf6 Nf8 55.Rd6 Ng6 56.Kf5 Ne7+
57.Ke4 Ng6 58.Rf6 Ne7 59.Ke5 Ng8 60.Rf1 Ne7 61.Kd6 Ng6 62.Rf6 Nf8 63.Ke7 Ng6+
64.Ke8 Ne5 65.Rf5 Ng4 66.Rxf7+ Kg6 67.Ke7 Kxg5 68.Ke6 Ne3 69.Rg7+ Kh6 70.Rg8 Kh5
71.Ke5 Ng2 72.Ke4 Ne1 73.Kf5 Kh6 74.Rd8 Nc2 75.Rd6+ Kg7 76.Ke4 Kf7 77.Rb6 Na3
78.Kd3  1-0

[Event "TCh-AUT 2006-7"]
[Site "Graz AUT"]
[Date "2006.11.03"]
[Round "1"]
[White "Bischoff,K"]
[Black "Pavasovic,D"]
[Result "1/2-1/2"]
[WhiteElo "2533"]
[BlackElo "2575"]

1.Nf3 d5 2.c4 e6 3.b3 Nf6 4.Bb2 Nbd7 5.e3 c6 6.d4 Ne4 7.Nbd2 f5 8.Be2 Bd6
9.O-O O-O 10.Ne1 b6 11.Ndf3 Bb7 12.Nd3 Qe7 13.Rc1 dxc4 14.Rxc4 c5 15.dxc5 Ndxc5
16.Nde5 Rad8 17.Rd4 Nd7 18.Nxd7  1/2-1/2

[Event "Open A"]
[Site "Le Touquet FRA"]
[Date "2006.11.03"]
[Round "9"]
[White "Hadet,E"]
[Black "Guilbert,J"]
[Result "1-0"]
[WhiteElo "1995"]
[BlackElo "2062"]

1.Nf3 d5 2.c4 c6 3.d4 dxc4 4.a4 b5 5.e3 e6 6.axb5 cxb5 7.Nc3 Bb4 8.Bd2 Bd7
9.Ne5 Bxc3 10.Bxc3 Nc6 11.Nxc6 Bxc6 12.d5 Nf6 13.dxc6 Qxd1+ 14.Rxd1 O-O 15.Bxf6 gxf6
16.Be2 Rac8 17.Bf3 f5 18.Rd7 a5 19.Kd2 e5 20.Bd5  1-0

[Event "Venetian Autumn"]
[Site "Venice ITA"]
[Date "2006.11.04"]
[Round "3"]
[White "Rorato,R"]
[Black "Fattorelli,L"]
[Result "1-0"]
[WhiteElo "2100"]
[BlackElo "2059"]

1.Nf3 d5 2.c4 e6 3.b3 Nf6 4.Bb2 Nbd7 5.e3 b6 6.cxd5 exd5 7.Be2 Bb7 8.O-O Bd6
9.d4 Qe7 10.Nbd2 O-O 11.Rc1 Rac8 12.Re1 c5 13.Nh4 g6 14.g3 Rfd8 15.Ng2 Nf8
16.Bd3 Ne6 17.h4 Bb8 18.Qf3 c4 19.Bb1 cxb3 20.axb3 Ne8 21.Rxc8 Rxc8 22.e4 Qb4
23.Qe3 Nd6 24.g4 Nb5 25.exd5 Bxd5 26.Be4 Nc3 27.Rc1 Nxd4 28.Bxc3 Rxc3 29.Rxc3 Qxc3
30.Bxd5 Qc1+ 31.Ne1  1-0

[Event "TCh-ROM Divizia A Feminin"]
[Site "Predeal ROM"]
[Date "2006.11.05"]
[Round "2"]
[White "Bogza,A"]
[Black "Zhukova,N"]
[Result "0-1"]
[WhiteElo "2308"]
[BlackElo "2456"]

1.Nf3 d5 2.c4 d4 3.g3 Nc6 4.Bg2 e5 5.d3 Nf6 6.O-O a5 7.e3 Be7 8.exd4 exd4
9.Na3 O-O 10.b3 Bf5 11.Nc2 Rb8 12.Bb2 Bc5 13.a3 b5 14.cxb5 Rxb5 15.b4 axb4
16.axb4 Bg4 17.bxc5 Rxb2 18.Ra4 Qd5 19.Rc4 Qh5 20.h3 Bxh3 21.Nfxd4 Qxd1 22.Rxd1 Bxg2
23.Kxg2 Ne5 24.Rb4 Ra2 25.Ne3 h5 26.Nf3 Re8 27.Rf4 Ng6 28.Rxf6 gxf6 29.Nd5 Ree2
30.Rf1 Ne5 31.Nxf6+ Kh8 32.Nxe5 Rxe5 33.d4 Rf5 34.Ne4 Ra4 35.Rd1 Rd5 36.Nc3 Rdxd4
37.Rh1 Ra5 38.Rxh5+ Kg7 39.Re5 Kg6 40.Nd5 f6 41.Ne7+ Kf7 42.Nc6 fxe5 43.Nxa5 Ke6
44.Nb7 Kd7 45.Kf3 Kc6 46.Na5+ Kb5 47.Nb7 Ka6 48.c6 Kb6 49.Ke3 Kxc6 50.Na5+ Kd5
51.Nb3 Ra4 52.Nc1 c5 53.Ne2 Ra3+ 54.Kd2 Rf3 55.Nc3+ Kc4 56.Nd1 Kb3 57.Ke2 e4
58.g4 c4 59.g5 c3 60.Ne3 Rf8  0-1

[Event "TCh-ROM Divizia A Feminin"]
[Site "Predeal ROM"]
[Date "2006.11.07"]
[Round "4"]
[White "Bogza,A"]
[Black "Sudakova,I"]
[Result "1/2-1/2"]
[WhiteElo "2308"]
[BlackElo "2392"]

1.Nf3 d5 2.c4 c6 3.d4 e6 4.Qc2 dxc4 5.Qxc4 Nf6 6.g3 b5 7.Qc2 Bb7 8.Bg2 Nbd7
9.Bg5 c5 10.Bxf6 Qxf6 11.dxc5 Bxc5 12.O-O O-O 13.Nc3 Rac8 14.Qd3 b4 15.Qxd7 Bxf3
16.Bxf3 bxc3 17.bxc3 Qxc3 18.Rfd1 Bb6 19.a4 Rcd8 20.Qc6 Qf6 21.Rac1 h5 22.h4 g6
23.Kg2 Rxd1  1/2-1/2

[Event "10th OIBM"]
[Site "Bad Wiessee GER"]
[Date "2006.11.10"]
[Round "7"]
[White "Wenner,T"]
[Black "Pitl,G"]
[Result "0-1"]
[WhiteElo "2205"]
[BlackElo "2380"]

1.Nf3 d5 2.c4 d4 3.b4 f6 4.d3 e5 5.b5 Bb4+ 6.Nbd2 Ne7 7.g3 c5 8.Bg2 O-O 9.O-O Qc7
10.a3 Bc3 11.Rb1 Bf5 12.Ne1 Nd7 13.Ne4 Bxe4 14.Bxe4 f5 15.Bg2 Nf6 16.Bd2 Bxd2
17.Qxd2 e4 18.Nc2 Rad8 19.b6 axb6 20.Rb5 Nc8 21.Rfb1 Qe7 22.a4 Nd7 23.a5 Nd6
24.R5b3 bxa5 25.Qxa5 Ra8 26.Qd2 Ne5 27.Na3 Nc6 28.Nb5 Nxb5 29.Rxb5 Nb4 30.h4 Ra2
31.Rb2 Rxb2 32.Qxb2 Ra8 33.Qb1 Re8 34.Kh2 h6 35.Qa1 exd3 36.exd3 Nxd3 37.Rxb7 Qe5
38.f4 Nxf4 39.gxf4 Qxf4+ 40.Kg1 Qg3 41.Rb1 d3 42.Rf1 d2 43.Qa6 Kh7 44.h5 Qe3+
45.Kh1 Re6 46.Qb7 Qg5 47.Qf3 Re3 48.Qd1 Qh4+ 49.Kg1 Qd4 50.Kh1 Re1 51.Qf3 Rxf1+
52.Bxf1 d1=Q 53.Qxf5+ Kg8  0-1

[Event "FSGM November"]
[Site "Budapest HUN"]
[Date "2006.11.10"]
[Round "7"]
[White "Caposciutti,M"]
[Black "Berczes,D"]
[Result "0-1"]
[WhiteElo "2333"]
[BlackElo "2415"]

1.Nf3 d5 2.c4 d4 3.e3 Nc6 4.exd4 Nxd4 5.Nxd4 Qxd4 6.Nc3 c6 7.d3 Nh6 8.Be3 Qd8
9.d4 Nf5 10.Qd2 g6 11.O-O-O Bg7 12.Be2 O-O 13.g4 Nxe3 14.Qxe3 Qb6 15.h4 Be6
16.h5 Rfd8 17.hxg6 hxg6 18.c5 Qa5 19.f4 Bxa2 20.f5 Bb3 21.Kb1 Bxd1 22.Rxd1 Qb4
23.fxg6 Rxd4 24.Qxe7 Rxd1+ 25.Bxd1 fxg6 26.Qe6+ Kh8 27.Qxg6 Qxc5 28.Bc2 Qg1+
29.Ka2 Qh2 30.g5 Rf8 31.Kb3 Qh3 32.Bd3 Qh2 33.Bc2 Rg8 34.Ne4 Qh3+ 35.Ka2 Bxb2
36.Qd6 Bg7 37.Qg6 Qh1 38.Kb3 Rf8 39.Nf6 Qh3+ 40.Bd3 Rd8 41.Kc2 Qxd3+  0-1

[Event "10th OIBM"]
[Site "Bad Wiessee GER"]
[Date "2006.11.11"]
[Round "8"]
[White "Zysk,R"]
[Black "Pelletier,Y"]
[Result "1/2-1/2"]
[WhiteElo "2468"]
[BlackElo "2588"]

1.Nf3 d5 2.c4 c6 3.d4 Nf6 4.e3 Bf5 5.Nc3 e6 6.Bd3 Bxd3 7.Qxd3 Nbd7 8.O-O Bb4
9.Bd2 a5 10.a3 Be7 11.e4 Nc5 12.dxc5 dxe4 13.Qxd8+ Rxd8 14.Nxe4 Nxe4 15.Bxa5 Ra8
16.Bb4 Bxc5 17.Nd2 Nxd2 18.Bxd2 Bd4 19.Ra2 Ke7 20.a4 c5 21.Rd1 Rhd8 22.Kf1 Kd6
23.Be1 Kc6 24.Ke2 e5 25.Rd3 f5 26.Rb3 e4 27.Rb5 Ra6 28.b3 f4 29.Rd2 Kc7 30.Rd1 Rg6
31.Kf1 Re8 32.b4 e3 33.fxe3 fxe3 34.Ke2 Rxg2+ 35.Kf3 Rc2 36.bxc5 Rxc4 37.Rdb1 Bxc5
38.Rxb7+ Kc6 39.Rxg7 Rf8+ 40.Ke2 Rc2+ 41.Kd3 Rxh2 42.Rc1 Rd8+ 43.Ke4 Rh5
44.Kf3 Rd4 45.a5 Ra4 46.Rc2 Ra1 47.Bg3 Rxa5 48.Bf4  1/2-1/2

[Event "Open"]
[Site "Kings Island USA"]
[Date "2006.11.12"]
[Round "4"]
[White "Wheeler,Je"]
[Black "Bennett,A"]
[Result "0-1"]
[WhiteElo "2163"]
[BlackElo "2245"]

1.Nf3 d5 2.c4 c6 3.b3 Bg4 4.Ne5 dxc4 5.Nxg4 Qd4 6.bxc4 Qxa1 7.Nc3 Na6 8.e4 Nb4
9.a3 Na2 10.Nxa2 Qxa2 11.Bd3 Rd8 12.Bc2 Qxc4 13.d3 Qc3+ 14.Bd2 Qxa3 15.O-O Nf6
16.Ne5 Qc5 17.Nc4 Nxe4 18.Be3 Qxc4 19.dxc4 Rxd1 20.Rxd1 Nd6 21.Bxa7 Nxc4
22.Bb3 Nd6 23.Bc5 Nc8 24.Ra1 e6 25.Ra8 Kd7 26.Be3 Bd6 27.f4 Re8 28.Kf1 Ne7
29.Ra1 Nd5 30.Bd4 e5 31.Bb2 Nxf4 32.Bxf7 Rf8 33.Bc4 Nd3+  0-1

[Event "RGSU Masters"]
[Site "Moscow RUS"]
[Date "2006.11.13"]
[Round "8"]
[White "Castaneda,G"]
[Black "Kislov,O"]
[Result "0-1"]
[WhiteElo "2477"]
[BlackElo "2267"]

1.Nf3 d5 2.c4 e6 3.d4 Nf6 4.e3 dxc4 5.Bxc4 c5 6.O-O a6 7.Nc3 b5 8.Bb3 Bb7
9.Qe2 Nbd7 10.Rd1 Qc7 11.d5 exd5 12.e4 dxe4 13.Ng5 c4 14.Ncxe4 Nxe4 15.Bc2 f5
16.f3 h6 17.Ne6 Qb6+ 18.Nd4 Bc5 19.Be3 Nef6 20.b4 cxb3 21.Bf2+ Kf7 22.Bxb3+ Bd5
23.Qc2 Bxb3 24.Qxb3+ Kg6 25.Qc2 Bxd4 26.Rxd4 Rac8 27.Qd2 Qc6 28.Rd1 Ne5 29.Qf4 Nc4
30.g4 fxg4 31.fxg4 Rhe8 32.h4 Re5 33.Bg3 Rce8 34.Rf1 Ne3  0-1

[Event "USCL Semi-Final"]
[Site "ICC INT"]
[Date "2006.11.15"]
[Round "1"]
[White "Orlov,G"]
[Black "Bhat,V"]
[Result "1/2-1/2"]
[WhiteElo "2497"]
[BlackElo "2450"]

1.Nf3 d5 2.c4 c6 3.b3 Bg4 4.Bb2 Nd7 5.g3 Ngf6 6.Bg2 e6 7.O-O Bd6 8.d3 O-O
9.Nbd2 Qe7 10.h3 Bh5 11.Qc2 a5 12.e4 dxe4 13.dxe4 Bg6 14.Nh4 a4 15.Rfe1 e5
16.Nf5 Bxf5 17.exf5 Bb4 18.Bc3 Rfe8 19.Qb2 Ba3 20.Qc2 Bb4 21.Nf3 Qc5 22.Re3 axb3
23.axb3 Rxa1+ 24.Bxa1 Qa7 25.Bc3 Bc5 26.Re2 e4 27.Ng5 e3 28.f4 Bd4 29.Bxd4 Qxd4
30.Nf3 Qb6 31.Kh2 Nc5 32.Ne5 Qxb3 33.Qc1 Rd8 34.Rxe3 Qa2 35.Ra3 Qe2 36.Qg1 Na6
37.Re3 Qc2 38.g4 h6 39.Re1 Rd2 40.g5 Nh5 41.Rf1 hxg5 42.fxg5 Qc3 43.Nf3 Rc2
44.Qa7 Qb4 45.Qa8+ Qf8 46.Qxf8+ Kxf8 47.Ne5 Nc5 48.f6 gxf6 49.gxf6 Ne4 50.Ng4 Kg8
51.Rf5 Nhg3 52.Rf4 b5 53.cxb5 cxb5 54.Nh6+ Kf8 55.Rg4 Ke8 56.Rg8+ Kd7 57.Nxf7 Nf1+
58.Kg1 Nxf6 59.Rg6 Ne3 60.Bf3 Ke6 61.Nh6 b4 62.Ng8 Kf7 63.Rxf6+ Kxg8 64.Rb6 Rb2
65.h4 Nf5 66.h5 Nd4 67.Bd5+ Kh8 68.h6 Ne2+ 69.Kf1 Ng3+ 70.Ke1 Rh2 71.Rxb4  1/2-1/2

[Event "TCh-BEL 2006-7"]
[Site "Belgium BEL"]
[Date "2006.11.19"]
[Round "4"]
[White "Michiels,R"]
[Black "Mullon,J"]
[Result "1/2-1/2"]
[WhiteElo "2251"]
[BlackElo "2344"]

1.Nf3 d5 2.c4 c6 3.e3 Nf6 4.Nc3 a6 5.b3 Bg4 6.Bb2 e6 7.Be2 Bd6 8.d4 Nbd7
9.Qc2 O-O 10.O-O Qa5 11.Nd2 Bxe2 12.Nxe2 Rad8 13.Ng3 c5 14.cxd5 Bxg3 15.dxe6 Bxh2+
16.Kxh2 fxe6 17.Rh1 cxd4 18.Bxd4 Qd5 19.Bxf6 Rxf6 20.Ne4 Qe5+ 21.f4 Rh6+
22.Kg3 Rg6+ 23.Kf3 Qf5 24.Rh4 Ne5+ 25.Kf2 Nd3+ 26.Kf3 Ne5+ 27.Kf2 Ng4+ 28.Kf3 Ne5+  1/2-1/2

[Event "TCh-FIN 2006-7"]
[Site "Espoo FIN"]
[Date "2006.11.19"]
[Round "5"]
[White "Gamback,B"]
[Black "Kivisto,M"]
[Result "1/2-1/2"]
[WhiteElo "2179"]
[BlackElo "2315"]

1.Nf3 d5 2.c4 c6 3.e3 e6 4.b3 Nf6 5.Bb2 Be7 6.Be2 O-O 7.Qc2 b6 8.Ne5 Bb7
9.O-O Nbd7 10.f4 Rc8 11.d3 Nxe5 12.fxe5 Nd7 13.Nd2 Bg5 14.Rf3 c5 15.Rg3 Bh6
16.Rd1  1/2-1/2

[Event "1st GMA Cup"]
[Site "Manila PHI"]
[Date "2006.11.19"]
[Round "4"]
[White "Barbosa,O PHI"]
[Black "Tolentino,R"]
[Result "1-0"]
[WhiteElo "2414"]
[BlackElo "2275"]

1.Nf3 d5 2.c4 e6 3.g3 Nf6 4.Bg2 dxc4 5.Qa4+ Nbd7 6.O-O a6 7.Qxc4 b5 8.Qc2 Bb7
9.b3 c5 10.Bb2 Rc8 11.d3 Be7 12.Nbd2 O-O 13.Rac1 Qb6 14.Qb1 Rfe8 15.Rfd1 h6
16.Qa1 Bf8 17.h3 Red8 18.Nf1 Ne8 19.g4 Nb8 20.Ng3 Nc6 21.g5 hxg5 22.Nxg5 Nd4
23.Bxb7 Qxb7 24.b4 Nf5 25.Nxf5 exf5 26.bxc5 Qe7 27.Nf3 Qxe2 28.Kg2 Rc6 29.Ne5 Bxc5
30.d4 Qe4+ 31.Kg1 Rdd6 32.Re1 Rg6+ 33.Kf1 Qh1+ 34.Ke2 Qe4+ 35.Kd1 Qf4 36.Rc2  1-0

[Event "ch-ESP Abierto"]
[Site "Leon ESP"]
[Date "2006.11.22"]
[Round "1"]
[White "Baron Rodriguez,Je"]
[Black "Franco Cazon,R"]
[Result "1-0"]
[WhiteElo "2424"]
[BlackElo "2012"]

1.Nf3 d5 2.c4 c6 3.b3 Nf6 4.Bb2 Bf5 5.g3 e6 6.Bg2 Bd6 7.O-O O-O 8.d3 Nbd7
9.Nbd2 Qe7 10.Qc2 Ba3 11.Rfe1 e5 12.e4 dxe4 13.dxe4 Bxb2 14.Qxb2 Bg4 15.b4 b6
16.Nh4 g6 17.h3 Be6 18.Nhf3 Qd6 19.a3 Nh5 20.Ng5 Ng7 21.Rad1 Qc7 22.Qc3 f6
23.Ngf3 a5 24.Nf1 Rfd8 25.Ne3 axb4 26.axb4 Nf8 27.Bf1 h5 28.Qb2 Bf7 29.b5 c5
30.Rxd8 Rxd8 31.Ra1 Qb7 32.Nd5 Bxd5 33.cxd5 Ne8 34.Nd2 Nd6 35.Ra6 Kg7 36.Qa1 Rd7
37.f4 Re7 38.fxe5 fxe5 39.Nc4 Nxc4 40.Bxc4 Qc7 41.Ra8 Qd6 42.Rc8 Qd7 43.Qa8 Rf7
44.Kg2 Ne6 45.Rg8+ Kh6 46.Rh8+ Kg5 47.h4+ Kf6 48.dxe6 Qd2+ 49.Kh3 Qc1 50.Qd8+ Kg7  1-0

[Event "19th Belgrade Trophy"]
[Site "Belgrade SRB"]
[Date "2006.11.23"]
[Round "2"]
[White "Radosavljevic,S"]
[Black "Radulski,J"]
[Result "0-1"]
[WhiteElo "2254"]
[BlackElo "2494"]

1.Nf3 d5 2.c4 e6 3.g3 Nf6 4.Bg2 Be7 5.O-O O-O 6.d3 c5 7.Nc3 Nc6 8.Bf4 d4
9.Na4 Ng4 10.h3 e5 11.Bd2 Nf6 12.e4 a6 13.b3 b5 14.Nb2 Ne8 15.Ne1 Be6 16.f4 f6
17.f5 Bf7 18.g4 Nd6 19.h4 Rb8 20.Qc1 Kh8 21.Nd1 bxc4 22.bxc4 Rb7 23.Bf3 Rg8
24.h5 Be8 25.Ng2 Nf7 26.Nh4 Ng5 27.Kg2 h6 28.Ng6+ Bxg6 29.hxg6 Qd7 30.Nf2 Rgb8
31.Bd1 Bd8 32.Kg3 Ba5 33.Bxa5 Nxa5 34.Qa3 Qc7 35.Re1 Rb4 36.Re2 Qb6 37.Rd2 Kg8
38.Rc2 Kf8 39.Re2 Ke7 40.Rc2 Kd6 41.Re2 Nc6 42.Rd2 Rb1 43.Rxb1 Qxb1 44.Kg2 a5
45.Re2 Qa1 46.Bb3 Qc3 47.Rc2 Qe1 48.Qc1 Qe3 49.Qd1 Rb4 50.Rc1 Nf3 51.Rb1 Nh4+
52.Kf1 Qg3 53.a3 Rb8 54.Ba4 Ng2 55.Qc1 Nf4  0-1

[Event "19th Belgrade Trophy"]
[Site "Belgrade SRB"]
[Date "2006.11.24"]
[Round "3"]
[White "Trisic,D"]
[Black "Ostojic,N"]
[Result "1/2-1/2"]
[WhiteElo "2068"]
[BlackElo "2412"]

1.Nf3 d5 2.c4 dxc4 3.Qa4+ Nc6 4.Qxc4 e5 5.Nc3 Be7 6.d3 Nf6 7.g3 Be6 8.Qa4 Nd7
9.Bg2 Nb6 10.Qd1 f5 11.O-O g5 12.b3 Bf6 13.Bb2 Qe7 14.Rc1 Rd8 15.Qc2 g4 16.Nd2 Nd4
17.Qd1 h5 18.e3 Nc6 19.Qe2 h4 20.Rfd1 hxg3 21.fxg3 Nb4 22.Ba3 c6 23.Nf1 a5
24.Rd2 O-O 25.h3 gxh3 26.Bxh3 Qh7 27.Bg2 Rd7 28.Bxb4 axb4 29.Nd1 Rg7 30.Nf2 Nd5
31.Rc5 Be7 32.Ra5 Bd8 33.Ra8 Qh6 34.Rc2  1/2-1/2

[Event "ch-ESP Abierto"]
[Site "Leon ESP"]
[Date "2006.11.24"]
[Round "3"]
[White "Argandona Rivero,I"]
[Black "Sabater Sanchez,A"]
[Result "1-0"]
[WhiteElo "2396"]
[BlackElo "2177"]

1.Nf3 d5 2.c4 Nf6 3.cxd5 Qxd5 4.Nc3 Qd6 5.d4 Bf5 6.g3 Nc6 7.Bg2 O-O-O 8.Bf4 Qb4
9.O-O Nxd4 10.Nxd4 Rxd4 11.Qc1 c6 12.a3 Qc4 13.b3 Qxb3 14.Qe3 Rxf4 15.Qxf4 Qxc3
16.Qxf5+ e6 17.Qf4 Bxa3 18.Qa4 Bc5 19.Bxc6 Kb8 20.Bxb7 Kxb7 21.Rfb1+ Kc7
22.Rc1 Qe5 23.Qxa7+ Kc6 24.Ra6+ Kd5  1-0

[Event "19th Belgrade Trophy"]
[Site "Belgrade SRB"]
[Date "2006.11.25"]
[Round "4"]
[White "Jovanovic,DD"]
[Black "Radulski,J"]
[Result "1-0"]
[WhiteElo "2240"]
[BlackElo "2494"]

1.Nf3 d5 2.c4 e6 3.g3 Nf6 4.b3 Be7 5.Bb2 O-O 6.Bg2 c5 7.O-O Nc6 8.d3 a6 9.a3 b5
10.Nbd2 Bb7 11.cxd5 exd5 12.Rc1 Qb6 13.e3 Rad8 14.Qc2 d4 15.exd4 cxd4 16.Nh4 g6
17.Rfe1 Nd5 18.Nhf3 b4 19.Nc4 Qa7 20.a4 Nc3 21.Ra1 Bf6 22.Bc1 Qc5 23.h4 Na5
24.Nxa5 Qxa5 25.Bf4 Qh5 26.Be5 Qf5 27.Bxf6 Qxf6 28.Ne5 Bxg2 29.Kxg2 Rfe8
30.Nc4 Re6 31.Qd2 Rde8 32.Rxe6 Qxe6 33.Qf4 Qd5+ 34.Qf3 Re2 35.Rc1 Kg7 36.Rxc3 Rxf2+
37.Kxf2 Qxf3+ 38.Kxf3 dxc3 39.Ke2 Kf6 40.d4 Ke6 41.Kd3 f5 42.Ne3 h6 43.a5 g5
44.hxg5 hxg5 45.Nc2  1-0

[Event "19th Belgrade Trophy"]
[Site "Belgrade SRB"]
[Date "2006.11.26"]
[Round "5"]
[White "Trisic,D"]
[Black "Popchev,M"]
[Result "1/2-1/2"]
[WhiteElo "2068"]
[BlackElo "2413"]

1.Nf3 d5 2.c4 d4 3.d3 f6 4.g3 e5 5.Bg2 c5 6.O-O Nc6 7.e3 Bg4 8.exd4 Nxd4
9.Nbd2 Bd6 10.b3 Ne7 11.Bb2 Qd7 12.Bxd4 cxd4 13.Re1 O-O 14.Qc2 Nc6 15.a3 a5
16.c5 Bc7 17.Rab1 Be6 18.Nc4 Bd5 19.b4 axb4 20.axb4 Na7 21.b5 Nxb5 22.Nfxe5 fxe5
23.Bxd5+ Qxd5 24.Rxb5 Rf7 25.Rf1 Qf3 26.Qb3 Ra1 27.Rxa1 Qxf2+ 28.Kh1 Qf3+  1/2-1/2

[Event "37th National Chess Congress"]
[Site "Philadelphia USA"]
[Date "2006.11.26"]
[Round "6"]
[White "Heimann,M"]
[Black "Mucerino,J"]
[Result "1-0"]
[WhiteElo "2265"]
[BlackElo "2060"]

1.Nf3 d5 2.c4 e6 3.g3 c6 4.Bg2 Nf6 5.b3 Bd6 6.Bb2 Nbd7 7.Nc3 O-O 8.O-O Qe7
9.Qc2 Ba3 10.Bxa3 Qxa3 11.d4 Qd6 12.e4 dxe4 13.Nxe4 Nxe4 14.Qxe4 c5 15.Rfd1 cxd4
16.Nxd4 Qc5 17.Qc2 Nf6 18.Nb5 Bd7 19.Nd6 Bc6 20.Nxb7 Qb6 21.Nd6 Bxg2 22.Kxg2 Qc6+
23.f3 Nd5 24.Qe4 Qxd6 25.cxd5 exd5 26.Qxd5 Qf6 27.Qd3 Qg6 28.Rd2 Rfe8 29.Rc1 h6
30.Rc7 a6 31.Qc4 Re6 32.Rc8+ Rxc8 33.Qxc8+ Kh7 34.Qc2 Rc6 35.Qxg6+ Kxg6 36.Kf2 Kf6
37.Ke3 Ke6 38.Kd3 Kd6 39.Rc2 Rb6 40.Rc4 Kd7 41.Rd4+ Kc7 42.Kc4 Re6 43.Re4 Rc6+
44.Kb4 Kb6 45.a3 Rc7 46.Rd4 Rc6 47.Rd5 Rf6 48.f4 Re6 49.Re5 Rd6 50.a4 Rd4+
51.Kc3 Rd7 52.b4 Rc7+ 53.Kb3 Rd7 54.Kc4 Rc7+ 55.Rc5 Rd7 56.a5+ Kb7 57.b5 axb5+
58.Kxb5 Rd6 59.Re5 Rf6 60.Re7+ Kb8 61.h4 g5 62.fxg5 hxg5 63.h5 Rf3 64.h6 Rd3
65.Re8+  1-0

[Event "19th Belgrade Trophy"]
[Site "Belgrade SRB"]
[Date "2006.11.27"]
[Round "6"]
[White "Mihic,B"]
[Black "Perunovic,L"]
[Result "1-0"]
[WhiteElo "2346"]
[BlackElo "2106"]

1.Nf3 d5 2.c4 d4 3.g3 Nc6 4.Bg2 e5 5.d3 Nf6 6.O-O Be7 7.Na3 O-O 8.Nc2 a5
9.b3 Re8 10.Rb1 Bf5 11.a3 Bf8 12.Nh4 Bg4 13.h3 Bh5 14.Bg5 h6 15.Bxf6 Qxf6
16.b4 axb4 17.axb4 g5 18.Nf3 Nd8 19.Nd2 Ra2 20.b5 b6 21.Ne4 Qe6 22.g4 Bg6
23.Ra1 Rxa1 24.Qxa1 Kg7 25.e3 dxe3 26.Nxe3 Bxe4 27.Bxe4 Bc5 28.Qd1 Kf8 29.Qf3 Bxe3
30.fxe3 Kg7 31.Kg2 f6 32.Bd5 Qe7 33.Qf5 Ne6 34.Be4 Nf8 35.h4 Qe6 36.hxg5 fxg5
37.Ra1 Qxf5 38.Bxf5 Ng6 39.Be4 Nf8 40.Ra7 Re7 41.Kf3 Ne6 42.Bd5 Kf6 43.Bxe6 Kxe6
44.Ke4 h5 45.gxh5 Rh7 46.Ra8 Rxh5 47.Re8+ Kd6 48.Rxe5 c6 49.bxc6 Kxc6 50.d4 Kd6
51.Rf5  1-0

[Event "19th Belgrade Trophy"]
[Site "Belgrade SRB"]
[Date "2006.11.28"]
[Round "7"]
[White "Jovanovic,DD"]
[Black "Kantorik,M"]
[Result "1/2-1/2"]
[WhiteElo "2240"]
[BlackElo "2364"]

1.Nf3 d5 2.c4 d4 3.e4 Nc6 4.d3 e5 5.Be2 Bb4+ 6.Nbd2 a5 7.O-O Nf6 8.Ne1 O-O
9.h3 Be6 10.Ndf3 h6 11.Nh2 Nh7 12.Bg4 f5 13.exf5 Bxf5 14.Nef3 Qd7 15.a3 Bc5
16.Nh4 Bxg4 17.Qxg4 Qxg4 18.hxg4 a4 19.N2f3 Rae8 20.Nd2 Nf6 21.f3 g5 22.Nf5 Kh7
23.Ng3 Kg6 24.Nde4 Nd7 25.Bd2 b6 26.Kf2 Nd8 27.Rh1 Rh8 28.Rh5 Nf7 29.Rah1 Nf6
30.Nxf6 Kxf6 31.Ke2 Kg6 32.Kd1 Rb8 33.Ne4  1/2-1/2

[Event "ch-ROM w"]
[Site "Predeal ROM"]
[Date "2006.11.28"]
[Round "2"]
[White "Motoc,A"]
[Black "Kovacs,O"]
[Result "1-0"]
[WhiteElo "2306"]
[BlackElo "1995"]

1.Nf3 d5 2.c4 e6 3.d4 Nf6 4.Bf4 Bb4+ 5.Nc3 O-O 6.e3 c5 7.a3 Bxc3+ 8.bxc3 Qa5
9.Qb3 Ne4 10.Rc1 Nd7 11.Bd3 Ndf6 12.O-O Rd8 13.Rfd1 Bd7 14.Qb2 Ba4 15.Re1 dxc4
16.Bxe4 Nxe4 17.Qxb7 Nxc3 18.Bc7 Qb5 19.Qxb5 Nxb5 20.Bxd8 Rxd8 21.Rxc4 Bb3
22.Rxc5 a6 23.Rec1 Nd6 24.Rc6  1-0

[Event "ch-ROM w"]
[Site "Predeal ROM"]
[Date "2006.11.28"]
[Round "2"]
[White "Sgircea,S"]
[Black "Sterpu,C"]
[Result "1/2-1/2"]
[WhiteElo "2136"]
[BlackElo "2056"]

1.Nf3 d5 2.c4 c6 3.e3 g6 4.Nc3 Bg7 5.d4 Nf6 6.Bd3 O-O 7.O-O Bg4 8.h3 Bxf3
9.Qxf3 Re8 10.b3 Na6 11.Bb2 Nc7 12.Rad1 Qd7 13.Qe2 a5 14.Na4 Qd8 15.Nc5 b6
16.Na4 Rb8 17.cxd5 cxd5 18.Rc1 Qd7 19.Rc2 Rec8 20.Rfc1 Qd8 21.Rc6 Na8 22.Ba6 Rxc6
23.Rxc6 Ne4 24.f3 Nd6 25.e4 e6 26.Bd3 Qd7 27.Rc1 Rc8 28.Qd2 Rc7 29.e5 Nf5
30.Rxc7 Qxc7 31.b4 Bf8 32.bxa5 bxa5 33.Bc3 Bb4 34.Bxb4 axb4 35.Bxf5 gxf5
36.Qxb4 Qc1+ 37.Kf2 Qc2+ 38.Kg3 h5 39.a3 h4+ 40.Kh2 Qf2 41.Nc5 Nb6 42.Nd3 Qg3+
43.Kg1 Nc4 44.a4 Qg5 45.Qe1 Kg7 46.f4 Qh5 47.Kf1 Kg6 48.Qe2 Qh8 49.Nc5 Qb8
50.Qc2 Qb4 51.Qf2 Kh5 52.g3 Qc3 53.gxh4  1/2-1/2

[Event "ch-ESP Abierto"]
[Site "Leon ESP"]
[Date "2006.11.30"]
[Round "9"]
[White "Bayon Fernandez,R"]
[Black "Diaz Rodriguez,J"]
[Result "1-0"]
[WhiteElo "2182"]
[BlackElo "2133"]

1.Nf3 d5 2.c4 e6 3.g3 Nf6 4.Bg2 Be7 5.O-O O-O 6.d4 c6 7.Nc3 Nbd7 8.b3 Qa5
9.Qc2 dxc4 10.bxc4 e5 11.d5 cxd5 12.Nxd5 Nxd5 13.cxd5 f5 14.d6 Bf6 15.Ng5 Bxg5
16.Bxg5 Nf6 17.Rfd1 Be6 18.Bxf6 Rxf6 19.Bxb7 Rb8 20.Rab1 Rff8 21.Rb2 f4 22.Qc7 Qa4
23.Rdb1 fxg3 24.hxg3 Rbd8 25.Bf3 e4 26.Rb8 Qxa2 27.Rxd8 Qxb1+ 28.Kh2 h6 29.Rxf8+  1-0

[Event "ch-ROM"]
[Site "Predeal ROM"]
[Date "2006.11.30"]
[Round "4"]
[White "Grunberg,M"]
[Black "Preda,M"]
[Result "1-0"]
[WhiteElo "2414"]
[BlackElo "2094"]

1.Nf3 d5 2.c4 e6 3.g3 Nf6 4.Bg2 c5 5.O-O Nc6 6.cxd5 exd5 7.d4 Be7 8.Nc3 O-O
9.Bg5 c4 10.Ne5 Be6 11.Rc1 Nd7 12.Nxc6 bxc6 13.Bxe7 Qxe7 14.e4 Nf6 15.Qa4 Qb7
16.Qc2 Rfd8 17.Na4 Rab8 18.Rfd1 Nd7 19.f4 f6 20.Re1 Re8 21.Rb1 a5 22.Qd2 Bf7
23.Re2 Re7 24.Rbe1 Rbe8 25.exd5 Rxe2 26.Rxe2 Rxe2 27.Qxe2 Bxd5 28.Nc5  1-0